000 00730cam a22001814a 4500
005 20250605163321.0
008 250528s ||||||||||||||||||||||||d
035 _a16740
020 _a511571093
040 _aGR-AtMCL
_bgre
_dGR-AtMCL
_eAACR2
245 1 _aMicrosoft Word / The World's Most Popular Word Processor Version 6.0: User's Guide
260 _bMicrosoft Corporation,
_c1993
300 _a830
520 _aWord Essentials, Typing and Editing, Formatting Text, Page Design and Layout, Working with Long Documents, File Management, Using Word in a Workgroup, Using Word with Other Applications, Assembling Documents with Mail Merge, Automating Your Work, Index.
942 _cBK
999 _c2210
_d2210